Portorium : étude sur l'organisation douanière chez les romains, surtout à l'époque du haut-empire /

محفوظ في:

المؤلف الرئيسي: Laet, Sigfried J. de (مؤلف)

التنسيق: كتاب

اللغة: French

منشور في: Brugge : De Tempel, 1949.

سلاسل: Rijksuniversiteit te Gent. Werken uitg. door de Faculteit van de Wijsbegeerte en Letteren ; 105.

الموضوعات:

الوسوم: إضافة وسم

لا توجد وسوم, كن أول من يضع وسما على هذه التسجيلة!

رقم الطلب: DG85 .L16 1949

LEADER 00911namaa2200265 4500
001 22231
003 OSt
005 20260114140240.0
008 130303s1949 be b b 000 0 fre d
010 |a 52066314 
040 |c ARCE Library 
043 |a e------  |a ff-----  |a aw----- 
050 4 |a DG85 .L16 1949 
100 1 |a Laet, Sigfried J. de,  |e author  |9 34341 
245 1 0 |a Portorium :   |b étude sur l'organisation douanière chez les romains, surtout à l'époque du haut-empire /   |c Sigfried J. de Laet. 
264 1 |a Brugge :  |b De Tempel,  |c 1949. 
300 |a 509 pages :  |b maps (part folded) ;  |c 25 cm. 
490 0 |a Rijksuniversiteit te Gent. Werken uitg. door de Faculteit van de Wijsbegeerte en Letteren ;   |v 105. 
504 |a Bibliographical footnotes. 
555 |a Nabil 
650 0 |a Customs administration  |z Rome. 
650 0 |a Octroi  |z Rome.  |9 11079 
901 |a reviewed 
942 |c BK  |2 lcc 
999 |c 21224  |d 21224